| 000 -LEADER |
| fixed length control field |
00421cam a22001337a 4500 |
| 008 - FIXED-LENGTH DATA ELEMENTS--GENERAL INFORMATION |
| fixed length control field |
180718b1961 xxu||||| |||| 00| 0 eng d |
| 082 ## - DEWEY DECIMAL CLASSIFICATION NUMBER |
| Classification number |
B73x5421 D969 |
| 100 ## - MAIN ENTRY--PERSONAL NAME |
| Personal name |
Dwivedi, J.N. |
| 245 ## - TITLE STATEMENT |
| Title |
Practice and digest of U.P. panchayat raj with upto-date act and rules |
| Statement of responsibility, etc. |
by J.N. Dwivedi |
| 250 ## - EDITION STATEMENT |
| Edition statement |
3rd ed. |
| 260 ## - PUBLICATION, DISTRIBUTION, ETC. |
| Place of publication, distribution, etc. |
Allahabad |
| Name of publisher, distributor, etc. |
Allahabad Law Agency |
| Date of publication, distribution, etc. |
1961 |
| 300 ## - PHYSICAL DESCRIPTION |
| Extent |
182p. |
| 650 ## - SUBJECT ADDED ENTRY--TOPICAL TERM |
| Topical term or geographic name entry element |
Panchayat-Uttar pradesh, India. |